000 00288nam a22001337a 4500
008 170526b xxu||||| |||| 00| 0 eng d
020 _a3540176632
041 _aeng
080 _a621
100 _a27
101 _aIM
245 _aDESIGN OF VLSI CIRCUITS
_cHORBST, E
942 _2udc
_cBK
999 _c14569
_d14569